<?xml version="1.0" encoding="UTF-8"?><?xml-stylesheet type="text/xsl" href="static/style.xsl"?><OAI-PMH xmlns="http://www.openarchives.org/OAI/2.0/" xmlns:xsi="http://www.w3.org/2001/XMLSchema-instance" xsi:schemaLocation="http://www.openarchives.org/OAI/2.0/ http://www.openarchives.org/OAI/2.0/OAI-PMH.xsd"><responseDate>2026-06-02T15:22:15Z</responseDate><request verb="GetRecord" identifier="oai:riuma.uma.es:10630/19338" metadataPrefix="marc">https://riuma.uma.es/rest/oai/request</request><GetRecord><record><header><identifier>oai:riuma.uma.es:10630/19338</identifier><datestamp>2026-02-03T11:36:38Z</datestamp><setSpec>com_10630_2254</setSpec><setSpec>col_10630_37953</setSpec></header><metadata><record xmlns="http://www.loc.gov/MARC21/slim" xmlns:dcterms="http://purl.org/dc/terms/" xmlns:doc="http://www.lyncode.com/xoai" xmlns:xsi="http://www.w3.org/2001/XMLSchema-instance" xsi:schemaLocation="http://www.loc.gov/MARC21/slim http://www.loc.gov/standards/marcxml/schema/MARC21slim.xsd">
   <leader>00925njm 22002777a 4500</leader>
   <datafield ind2=" " ind1=" " tag="042">
      <subfield code="a">dc</subfield>
   </datafield>
   <datafield ind2=" " ind1=" " tag="720">
      <subfield code="a">Gerdes, Levin</subfield>
      <subfield code="e">author</subfield>
   </datafield>
   <datafield ind2=" " ind1=" " tag="720">
      <subfield code="a">Azkarate, Martin</subfield>
      <subfield code="e">author</subfield>
   </datafield>
   <datafield ind2=" " ind1=" " tag="720">
      <subfield code="a">Sánchez Ibáñez, José Ricardo</subfield>
      <subfield code="e">author</subfield>
   </datafield>
   <datafield ind2=" " ind1=" " tag="720">
      <subfield code="a">Joudrier, Luc</subfield>
      <subfield code="e">author</subfield>
   </datafield>
   <datafield ind2=" " ind1=" " tag="720">
      <subfield code="a">Pérez-del-Pulgar-Mancebo, Carlos Jesús</subfield>
      <subfield code="e">author</subfield>
   </datafield>
   <datafield ind2=" " ind1=" " tag="260">
      <subfield code="c">2020-02-26</subfield>
   </datafield>
   <datafield ind2=" " ind1=" " tag="520">
      <subfield code="a">Rovers operating on Mars are in need of more and more autonomous features to ful ll their&#xd;
challenging mission requirements. However, the inherent constraints of space systems make&#xd;
the implementation of complex algorithms an expensive and difficult task. In this paper&#xd;
we propose a control architecture for autonomous navigation. Efficient implementations of&#xd;
autonomous features are built on top of the current ExoMars navigation method, enhancing&#xd;
the safety and traversing capabilities of the rover. These features allow the rover to detect&#xd;
and avoid hazards and perform long traverses by following a roughly safe path planned by&#xd;
operators on ground. The control architecture implementing the proposed navigation mode&#xd;
has been tested during a  field test campaign on a planetary analogue terrain. The experiments&#xd;
evaluated the proposed approach, autonomously completing two long traverses while&#xd;
avoiding hazards. The approach only relies on the optical Localization Cameras stereobench,&#xd;
a sensor that is found in all rovers launched so far, and potentially allows for computationally&#xd;
inexpensive long-range autonomous navigation in terrains of medium difficulty.</subfield>
   </datafield>
   <datafield ind1="8" ind2=" " tag="024">
      <subfield code="a">https://hdl.handle.net/10630/19338</subfield>
   </datafield>
   <datafield tag="653" ind2=" " ind1=" ">
      <subfield code="a">Robótica</subfield>
   </datafield>
   <datafield ind2="0" ind1="0" tag="245">
      <subfield code="a">Efficient Autonomous Navigation for Planetary Rovers with Limited Resources</subfield>
   </datafield>
</record>
</metadata></record></GetRecord></OAI-PMH>